000 00460nam a2200193Ia 4500
008 210210b1892 xxu||||| |||| 00| 0 eng d
041 _aeng
082 _a425/160
100 _aKELLNER (L)
245 _aHistorical outlines of English syntax
260 _aLondon
_bMacmillan & Co. Ltd.
_c1892
650 _asyntax
650 _aoutlines
650 _aof
650 _aHistorical
650 _aEnglish
690 _aEnglish Language
906 _a005936
999 _c128953
_d128953